Το κράτος : στη θεωρία και στην πράξη

Αποθηκεύτηκε σε:
Λεπτομέρειες βιβλιογραφικής εγγραφής
Κύριος συγγραφέας: Laski, Harold Joseph 1893-1950
Άλλοι συγγραφείς: Αποστόλου, Κώστας (Μεταφραστής)
Μορφή: Βιβλίο
Γλώσσα:Greek
Δημοσίευση: Αθήνα : Κάλβος, 1982
Θέματα:
Ετικέτες: Προσθήκη ετικέτας
Δεν υπάρχουν, Καταχωρήστε ετικέτα πρώτοι!

MARC

LEADER 00000nam a2200000 i 4500
001 1/39576
008 960605s1982 gre d
035 |l 10025070 
040 |a GR-MY-UA  |b gre  |e aacr 
041 0 |a gre 
082 0 |a 320.1 
100 1 |a Laski, Harold Joseph  |d 1893-1950. 
245 1 3 |a Το κράτος :  |b στη θεωρία και στην πράξη /  |c Harold J. Laski ; Μετάφραση Κώστας Αποστόλου 
260 |a Αθήνα :   |b Κάλβος,   |c 1982 
300 |a 305 σ. 
650 0 0 |a State, The. 
700 1 |a Αποστόλου, Κώστας.  |4 trl 
852 |a INST  |b CHIOS  |e 19960605  |h 320.1 LAS  |p 005200003275  |q 005200003275  |t BK  |y 0 
852 |a INST  |b LESVOS  |e 19961115  |h 320.1 LAS  |p 005100012491  |q 005100012491  |t BK  |y 0 
909 |a Λ  |b 010896 
909 |a Χ  |b 017895